Soluçoes positivas da politica portugueza / (Record no. 152637)

MARC details
000 -LEADER
campo de control de longitud fija 00962nam a22002175i 4500
001 - NÚMERO DE CONTROL
campo de control 152637
003 - IDENTIFICADOR DE NÚMERO DE CONTROL
campo de control ES-MaACL
005 - FECHA Y HORA DE LA ÚLTIMA TRANSACCIÓN
campo de control 20240428063046.0
008 - DATOS DE LONGITUD FIJA--INFORMACIÓN GENERAL
campo de control de longitud fija 051018s1879 po | |||||||| ||por d
040 ## - FUENTE DE CATALOGACIÓN
Centro catalogador/agencia de origen CAM
Lengua de catalogación spa
Centro/agencia transcriptor CAM
100 1# - ENTRADA PRINCIPAL--NOMBRE DE PERSONA
Nombre de persona Braga, Teófilo,
Fechas asociadas al nombre 1843-1924
9 (RLIN) 31276
245 10 - MENCIÓN DEL TÍTULO
Título Soluçoes positivas da politica portugueza /
Mención de responsabilidad, etc. por Theophilo Braga.
260 ## - PUBLICACIÓN, DISTRIBUCIÓN, ETC.
Lugar de publicación, distribución, etc. Lisboa :
Nombre del editor, distribuidor, etc. Nova Livraria Internacional,
Fecha de publicación, distribución, etc. 1879.
300 ## - DESCRIPCIÓN FÍSICA
Extensión 2 v.. ;
Dimensiones 14 cm.
490 1# - MENCIÓN DE SERIE
Mención de serie Bibliotheca Republicana Democratica ;
Designación de volumen o secuencia 10, 11
505 8# - NOTA DE CONTENIDO CON FORMATO
Nota de contenido con formato Contiene: [v. 1] Da aspiraçao revolucionaria e sua disciplina em opiniao democratica.--[v. 2] Do systema constitucional como uma transigencia provisoria entre o absolutismo e a revoluçao
650 #4 - PUNTO DE ACCESO ADICIONAL DE MATERIA--TÉRMINO DE MATERIA
Término de materia o nombre geográfico como elemento de entrada Republicanismo-
Subdivisión geográfica Portugal.
9 (RLIN) 153921
830 0# - PUNTO DE ACCESO ADICIONAL DE SERIE-TÍTULO UNIFORME
Título uniforme Bibliotheca Republicana Democratica ;
Designación de volumen o secuencia 10, 11
9 (RLIN) 221357
852 ## - LOCALIZACIÓN
Ubicación ES-MaACL
Número de control de estantería T-646-F-1-2
Nota libre -- Enc. hol., conservando la enc. original
Holdings
Estatus retirado Estado de pérdida Estado de daño No para préstamo Colección Biblioteca de origen Biblioteca actual Ubicación en estantería Fecha de adquisición Total de préstamos Signatura topográfica completa Código de barras Visto por última vez Precio de reemplazo Tipo de ítem Koha
        Colección de folletos Biblioteca del Ateneo de Madrid Biblioteca del Ateneo de Madrid Depósito folletos 17/01/2008   T-646-F-1-2 1159394 23/02/2023 23/02/2023 Folleto